[Event "World Blitz Women 2017"]
[Site "Riyadh KSA"]
[Date "2017.12.29"]
[Round "1.23"]
[White "Zawadzka, Jolanta"]
[Black "Cori T., Deysi"]
[Result "0-1"]
[WhiteTitle "WGM"]
[BlackTitle "WGM"]
[WhiteElo "2424"]
[BlackElo "2389"]
[WhiteFideId "1122320"]
[BlackFideId "3801934"]
[EventDate "2017.12.29"]

1. e4 c5 2. Nf3 e6 3. d4 cxd4 4. Nxd4 a6 5. Bd3 Qc7 6. Qe2 Ne7 7. Be3 Nbc6 8.
Nd2 Ng6 9. Nxc6 dxc6 10. Nc4 b5 11. Nb6 Rb8 12. Nxc8 Rxc8 13. g3 Ne5 14. O-O Be7
15. a4 O-O 16. axb5 axb5 17. Ra7 Qd6 18. Rd1 Rfd8 19. f4 Nc4 20. b3 Nxe3 21.
Qxe3 Qc5 22. Re1 Qxe3+ 23. Rxe3 Bc5 24. Ra6 Bxe3+ 25. Kg2 Rd7 26. Kf3 Ra7 27.
Rxa7 Bxa7 28. e5 g6 29. h4 h5 30. Ke4 Bc5 31. Kf3 Kf8 32. Be4 Ke7 33. g4 hxg4+
34. Kxg4 Kd7 35. h5 gxh5+ 36. Kxh5 Rg8 37. f5 exf5 38. Bxf5+ Ke7 39. c4 bxc4 40.
bxc4 Bd4 41. Bh7 Rh8 42. Kh6 Bxe5 43. c5 Kf6 44. Kh5 Rxh7+ 0-1

[Event "World Blitz Women 2017"]
[Site "Riyadh KSA"]
[Date "2017.12.29"]
[Round "1.24"]
[White "Javakhishvili, Lela"]
[Black "Rapport, Jovana"]
[Result "1-0"]
[WhiteTitle "IM"]
[BlackTitle "WGM"]
[WhiteElo "2449"]
[BlackElo "2299"]
[WhiteFideId "13601458"]
[BlackFideId "937266"]
[EventDate "2017.12.29"]

1. d4 d6 2. Nf3 Nf6 3. g3 Nc6 4. Bg2 e5 5. O-O e4 6. Ng5 d5 7. c4 h6 8. cxd5
Qxd5 9. Nc3 Qxd4 10. Ngxe4 Nxe4 11. Bxe4 Qxd1 12. Rxd1 Bd7 13. Bf4 O-O-O 14. Nb5
a6 15. Nxc7 g5 16. Bxc6 Bxc6 17. Rxd8+ Kxd8 18. Be5 Rg8 19. Rd1+ Kc8 20. Nd5 Bc5
21. Nf6 Rg6 22. e3 Be7 23. Nd5 Re6 24. Nb6# 1-0

[Event "World Blitz Women 2017"]
[Site "Riyadh KSA"]
[Date "2017.12.29"]
[Round "1.25"]
[White "Mamedjarova, Turkan"]
[Black "Li, Ruofan"]
[Result "1-0"]
[WhiteTitle "WGM"]
[BlackTitle "IM"]
[WhiteElo "2260"]
[BlackElo "2351"]
[WhiteFideId "13402005"]
[BlackFideId "8600643"]
[EventDate "2017.12.29"]

1. d4 d5 2. Nf3 Nf6 3. c4 e6 4. Nc3 Be7 5. Bg5 O-O 6. e3 h6 7. Bh4 Ne4 8. Bxe7
Qxe7 9. cxd5 Nxc3 10. bxc3 exd5 11. Qc2 c5 12. dxc5 Qxc5 13. Bd3 Nc6 14. O-O Bg4
15. Nd4 Rac8 16. Rfc1 Nxd4 17. exd4 Qc6 18. Rab1 b6 19. h3 Be6 20. a4 Rc7 21.
Ra1 Rb8 22. a5 b5 23. a6 b4 24. cxb4 Qxc2 25. Bxc2 Rc4 26. Bd3 Rxd4 27. Ra3
Rdxb4 28. Rc7 g6 29. Rxa7 Rb3 30. Rxb3 Rxb3 31. Be2 Rb2 32. Bd3 Rb3 33. Be2 d4
34. Ra8+ Kg7 35. Rd8 Ra3 36. Rxd4 Ra2 37. Bb5 Ra5 38. Bd3 Ra2 39. Rd6 h5 40. Rb6
Ra3 41. Be4 Bc4 42. Bb7 Ra1+ 43. Kh2 Ra2 44. Rc6 Bd5 45. Rb6 Bc4 46. f4 h4 47.
Rd6 Be2 48. Rd7 Bb5 49. Rc7 Bxa6 50. Bd5 Rf2 51. Rxf7+ Kh6 52. Rf6 Bd3 53. Kg1
Rf1+ 54. Kh2 Rf2 55. Bc6 Bf5 56. Bf3 Bd3 57. Rd6 Bf5 58. Ra6 Rb2 59. Ra8 Kg7 60.
Ra7+ Kh6 61. Bd5 Rb4 62. Bg8 Rxf4 63. g4 hxg3+ 64. Kxg3 Rd4 65. Re7 Rd3+ 66. Kf4
Rxh3 67. Rh7# 1-0

[Event "World Blitz Women 2017"]
[Site "Riyadh KSA"]
[Date "2017.12.29"]
[Round "1.26"]
[White "Michna, Marta"]
[Black "Nguyen, Thi Mai Hung"]
[Result "1-0"]
[WhiteTitle "WGM"]
[BlackTitle "WGM"]
[WhiteElo "2377"]
[BlackElo "2321"]
[WhiteFideId "1106686"]
[BlackFideId "12401676"]
[EventDate "2017.12.29"]

1. Nf3 d5 2. d3 Nf6 3. Nbd2 Bg4 4. e4 e6 5. Be2 Be7 6. O-O O-O 7. c3 c5 8. a4
Nc6 9. Re1 Qc7 10. Qc2 Rfd8 11. Bf1 Rac8 12. h3 Bh5 13. g3 d4 14. Be2 a6 15. Nc4
b5 16. Bf4 Qb7 17. axb5 axb5 18. Na5 Nxa5 19. Rxa5 h6 20. cxd4 cxd4 21. Qb3 b4
22. Rea1 Qc6 23. g4 Bg6 24. Ne5 Qc2 25. Bd1 Qxb3 26. Bxb3 Bh7 27. Ra6 Bf8 28.
Nc6 Rd7 29. Be5 Ne8 30. Bc4 Nc7 31. Ra7 Bd6 32. Bxd4 Kf8 1-0

[Event "World Blitz Women 2017"]
[Site "Riyadh KSA"]
[Date "2017.12.29"]
[Round "1.27"]
[White "Papp, Petra"]
[Black "Atalik, Ekaterina"]
[Result "1/2-1/2"]
[WhiteTitle "WGM"]
[BlackTitle "IM"]
[WhiteElo "2313"]
[BlackElo "2451"]
[WhiteFideId "739049"]
[BlackFideId "4130189"]
[EventDate "2017.12.29"]

1. e4 c6 2. d4 d5 3. Nd2 dxe4 4. Nxe4 Bf5 5. Ng3 Bg6 6. h4 h6 7. Nf3 e6 8. Ne5
Bh7 9. Bd3 Bxd3 10. Qxd3 Nd7 11. f4 Bb4+ 12. c3 Bd6 13. Bd2 Ngf6 14. O-O-O O-O
15. Qe2 Qc7 16. Kb1 a5 17. Nh5 Nxh5 18. Qxh5 a4 19. Qe2 a3 20. b3 c5 21. Nxd7
Qxd7 22. dxc5 Bxc5 23. f5 exf5 24. Bxh6 Qe6 25. Qxe6 fxe6 26. Bg5 Rf7 27. Rhe1
Re8 28. Re5 Ba7 29. Rde1 Rc7 30. c4 Kf7 31. Rd1 Bc5 32. Kc2 Be7 33. Bxe7 Kxe7
34. Ra5 Kf6 35. Rxa3 e5 36. Rd6+ Re6 37. Rxe6+ Kxe6 38. Kd3 e4+ 39. Ke3 Rd7 40.
Ra5 Rd3+ 41. Ke2 Rg3 42. Kf2 Rc3 43. Rb5 f4 44. a4 Rc2+ 45. Kf1 e3 46. a5 Rf2+
47. Kg1 Rb2 48. Kf1 Rb1+ 49. Ke2 Rg1 50. Rg5 Kf6 51. Rg4 Ke5 52. Rxg7 Rb1 53.
Re7+ Kd4 54. Rd7+ Ke4 55. Re7+ Kd4 56. Rd7+ Ke4 57. Re7+ Kd4 1/2-1/2

[Event "World Blitz Women 2017"]
[Site "Riyadh KSA"]
[Date "2017.12.29"]
[Round "1.28"]
[White "Zhukova, Natalia"]
[Black "Doluhanova, Evgeniya"]
[Result "1-0"]
[WhiteTitle "GM"]
[BlackTitle "WGM"]
[WhiteElo "2444"]
[BlackElo "2352"]
[WhiteFideId "14101513"]
[BlackFideId "14112035"]
[EventDate "2017.12.29"]

1. c4 e6 2. Nc3 Nf6 3. Nf3 d5 4. d4 Bb4 5. g3 O-O 6. Bg2 b6 7. O-O Bb7 8. Ne5
Nbd7 9. Nd3 Be7 10. Nf4 c6 11. b3 Rc8 12. Bb2 Bd6 13. Nd3 Qe7 14. Rc1 Rfd8 15.
Re1 c5 16. Nb5 Bb8 17. cxd5 exd5 18. Ba3 a6 19. Nc3 Ne4 20. Na4 Bd6 21. f3 cxd4
22. Bb2 Nec5 23. Bxd4 Nxa4 24. bxa4 Nc5 25. Nf4 Bc6 26. a5 bxa5 27. Kh1 Ne6 28.
Ba1 Nxf4 29. gxf4 Bxf4 30. Qd4 Bh6 31. Rg1 Rd6 32. Bh3 Rc7 33. Rxg7+ Kf8 34.
Rxh7 Qg5 35. Rg1 Qe3 36. Qh4 Bb5 37. Rh8# 1-0

[Event "World Blitz Women 2017"]
[Site "Riyadh KSA"]
[Date "2017.12.29"]
[Round "1.29"]
[White "Batchimeg, Tuvshintugs"]
[Black "Huang, Qian"]
[Result "1-0"]
[WhiteTitle "IM"]
[BlackTitle "WGM"]
[WhiteElo "2398"]
[BlackElo "2438"]
[WhiteFideId "4900839"]
[BlackFideId "8602689"]
[EventDate "2017.12.29"]

1. d4 d6 2. Nf3 g6 3. c4 Bg7 4. Nc3 Nd7 5. e4 e5 6. d5 a5 7. h4 Nc5 8. Bg5 Bf6
9. Be3 Bg4 10. g3 Bg7 11. Be2 Nf6 12. Bxc5 Bxf3 13. Bxf3 dxc5 14. h5 Nd7 15. Bg4
Nb6 16. Qe2 O-O 17. hxg6 hxg6 18. Kf1 Qg5 19. Kg2 Nxc4 20. Qxc4 Qxg4 21. Qxc5 c6
22. Rh4 Qd7 23. Rd1 Rfc8 24. Qe3 Qe7 25. d6 Qe6 26. Qb6 Qd7 27. Na4 Ra6 28. Qe3
b6 29. Nxb6 Rxb6 30. Qxb6 a4 31. Rhh1 Bf8 32. Rd3 Kg7 33. Rhd1 Ra8 34. Qc7 Ra7
35. Qxd7 Rxd7 36. Ra3 Rxd6 37. Rxd6 Bxd6 38. Rxa4 Kf6 39. Ra6 Ke7 40. Rxc6 1-0

[Event "World Blitz Women 2017"]
[Site "Riyadh KSA"]
[Date "2017.12.29"]
[Round "1.30"]
[White "Hoolt, Sarah"]
[Black "Munguntuul, Batkhuyag"]
[Result "0-1"]
[WhiteTitle "WGM"]
[BlackTitle "IM"]
[WhiteElo "2405"]
[BlackElo "2397"]
[WhiteFideId "24606812"]
[BlackFideId "4900758"]
[EventDate "2017.12.29"]

1. e4 c5 2. Nf3 e6 3. d4 cxd4 4. Nxd4 Nc6 5. Nc3 Qc7 6. Be3 a6 7. Be2 Nf6 8. O-O
Be7 9. f4 d6 10. Kh1 O-O 11. Qe1 Nxd4 12. Bxd4 b5 13. a3 Bb7 14. Qg3 Rad8 15.
Rae1 Rd7 16. Bd3 Qd8 17. Qh3 g6 18. f5 e5 19. Be3 d5 20. fxg6 hxg6 21. exd5 Nxd5
22. Bh6 Nf4 23. Bxf4 exf4 24. Rxf4 Bg5 25. Rff1 Re8 26. Ne4 Bxe4 27. Bxe4 Rde7
28. Qf3 Qc7 29. Re2 Bh6 30. Rfe1 Bg7 31. Bd3 Rxe2 32. Rxe2 Rxe2 33. Qxe2 Bxb2
34. Qe8+ Kg7 35. Qa8 Bxa3 36. Qxa6 b4 37. h3 Bb2 38. Qb5 Qf4 39. Qc4 Qc1+ 40.
Kh2 Be5+ 41. g3 Qd2+ 42. Be2 Qe3 43. Qg4 Qf2+ 44. Kh1 Bxg3 0-1

[Event "World Blitz Women 2017"]
[Site "Riyadh KSA"]
[Date "2017.12.29"]
[Round "1.31"]
[White "Cornette, Deimante"]
[Black "Sukandar, Irine Kharisma"]
[Result "1/2-1/2"]
[WhiteTitle "IM"]
[BlackTitle "IM"]
[WhiteElo "2439"]
[BlackElo "2384"]
[WhiteFideId "12802859"]
[BlackFideId "7101937"]
[EventDate "2017.12.29"]

1. e4 e5 2. Nf3 Nc6 3. d4 exd4 4. Nxd4 Bc5 5. Nb3 Bb6 6. Nc3 d6 7. Qe2 Nf6 8.
Be3 Be6 9. O-O-O Ng4 10. Bxb6 axb6 11. Kb1 O-O 12. f4 Re8 13. Qd2 Nf6 14. Bd3
Bxb3 15. cxb3 Nb4 16. Rhe1 Nxd3 17. Qxd3 Qc8 18. h3 Nd7 19. g4 Nc5 20. Qc4 Ne6
21. e5 dxe5 22. Rxe5 Ra5 23. Rde1 Rxe5 24. Rxe5 Rd8 25. Rd5 c6 26. Rxd8+ Qxd8
27. Kc2 Nd4+ 28. Kc1 b5 29. Qc5 Nf3 30. Qe3 Nd4 31. Ne2 Nxe2+ 32. Qxe2 h6 33.
Kc2 Qd7 34. Qd3 Qe7 35. f5 Qc5+ 36. Kb1 Qg1+ 37. Kc2 Qf2+ 38. Qd2 Qc5+ 39. Kb1
Qg1+ 40. Kc2 Qc5+ 41. Kb1 1/2-1/2

[Event "World Blitz Women 2017"]
[Site "Riyadh KSA"]
[Date "2017.12.29"]
[Round "1.32"]
[White "Zatonskih, Anna"]
[Black "Belenkaya, Dina"]
[Result "1-0"]
[WhiteTitle "IM"]
[BlackTitle "WGM"]
[WhiteElo "2452"]
[BlackElo "2303"]
[WhiteFideId "14101572"]
[BlackFideId "24142654"]
[EventDate "2017.12.29"]

1. d4 d5 2. Nf3 Nf6 3. g3 g6 4. Bg2 Bg7 5. O-O O-O 6. c4 c6 7. b3 a5 8. Bb2 Nbd7
9. cxd5 Nxd5 10. e4 N5b6 11. Nc3 a4 12. Rc1 Re8 13. Qc2 Nb8 14. Rfd1 Bg4 15. h3
Bd7 16. bxa4 Na6 17. d5 cxd5 18. Nxd5 Nxd5 19. Bxg7 Kxg7 20. Rxd5 Rc8 21. Qb2+
f6 22. Rcd1 Rc7 23. e5 Qc8 24. exf6+ exf6 25. Nd4 Bxa4 26. Rf1 Bc6 27. Nxc6 bxc6
28. Rd6 Rf8 29. Rfd1 Nc5 30. Qc2 Ne6 31. Qc4 Ng5 32. Qf4 c5 33. h4 Ne6 34. Qc4
Nd4 35. Qd5 Re8 36. Kh2 Rce7 37. Rd2 Re5 38. Rd7+ R8e7 39. Rxe7+ Rxe7 40. Qc4
Ra7 41. Rxd4 Qc7 42. Rf4 Ra5 43. Qe6 Qf7 44. Qxf7+ Kxf7 45. Bd5+ Ke7 46. Bb3 Rb5
47. Rc4 Kd6 48. Kg2 Rb8 49. Kf3 Re8 50. Rc1 Re5 51. Rd1+ Kc6 52. Rd2 Re7 53. Rc2
Kb5 54. Bc4+ Kb4 55. Bb3 Rd7 56. Rc4+ Kb5 57. h5 Re7 58. hxg6 hxg6 59. Rg4 g5
60. Ra4 Re1 61. Re4 Rb1 62. Re8 Kb4 63. Rb8+ Kc3 64. Rc8 Kd4 65. Kg4 Rf1 66. f4
gxf4 67. gxf4 Ke4 68. Re8+ Kd4 69. Rd8+ Ke4 70. Bc2+ Ke3 71. Re8+ Kd2 72. Bb3
Rc1 73. Rc8 Ke3 74. Kf5 Rf1 75. Kxf6 Rxf4+ 76. Ke5 Rh4 77. Kd5 Kd3 78. Kxc5 Kc3
79. Kb5+ Kb2 80. Rf8 Rh5+ 81. Kb4 Rh4+ 82. Bc4 Rh2 83. Re8 Rh4 84. Re2+ Kc1 85.
Kc3 Kd1 86. Rf2 Rh3+ 87. Bd3 Rh1 88. Rf1+ 1-0

[Event "World Blitz Women 2017"]
[Site "Riyadh KSA"]
[Date "2017.12.29"]
[Round "1.33"]
[White "Vo, Thi Kim Phung"]
[Black "Buksa, Nataliya"]
[Result "0-1"]
[WhiteTitle "WGM"]
[BlackTitle "WGM"]
[WhiteElo "2380"]
[BlackElo "2385"]
[WhiteFideId "12401838"]
[BlackFideId "14123622"]
[EventDate "2017.12.29"]

1. d4 d5 2. c4 e6 3. Nc3 Nf6 4. cxd5 exd5 5. Bg5 c6 6. e3 Be6 7. Bd3 Nbd7 8.
Nge2 h6 9. Bh4 g5 10. Bg3 Nh5 11. O-O Nxg3 12. Nxg3 Qc7 13. f4 gxf4 14. exf4 Nf6
15. f5 Bd7 16. Qe2+ Kd8 17. Rac1 h5 18. Qe5 Qxe5 19. dxe5 Ng4 20. e6 fxe6 21.
fxe6 Bxe6 22. Nce2 Bg7 23. h3 Ne5 24. Bf5 Bf7 25. Nf4 h4 26. Nge2 Kc7 27. Be6
Kd6 28. Bxf7 Nxf7 29. Ng6 Ng5 30. Nxh8 Bxh8 31. b3 Re8 32. Nf4 Bd4+ 33. Kh1 Ne4
34. Ne2 Nf2+ 35. Rxf2 Bxf2 36. Nc3 Re1+ 37. Rxe1 Bxe1 38. Nd1 d4 39. Kg1 Kd5 40.
Kf1 Bg3 41. Ke2 c5 42. Kd3 b5 43. Nb2 a6 44. a4 Bf4 45. axb5 axb5 46. Nd1 c4+
47. bxc4+ bxc4+ 48. Ke2 d3+ 49. Kf3 Bg5 50. g3 hxg3 51. Kxg3 Kd4 52. Nf2 c3 53.
h4 Bh6 54. Ng4 Bg7 55. Nh2 c2 56. Nf3+ Kc3 57. Kg4 c1=Q 58. h5 Bh6 59. Kg3 Qf4+
60. Kg2 d2 61. Ng1 d1=Q 62. Nh3 Qdf1# 0-1

[Event "World Blitz Women 2017"]
[Site "Riyadh KSA"]
[Date "2017.12.29"]
[Round "1.34"]
[White "Saduakassova, Dinara"]
[Black "Kovanova, Baira"]
[Result "1/2-1/2"]
[WhiteTitle "IM"]
[BlackTitle "WGM"]
[WhiteElo "2460"]
[BlackElo "2367"]
[WhiteFideId "13700090"]
[BlackFideId "4164083"]
[EventDate "2017.12.29"]

1. d4 Nf6 2. c4 e6 3. Nc3 Bb4 4. Qc2 O-O 5. Nf3 c5 6. dxc5 Na6 7. g3 Nxc5 8. Bg2
Nce4 9. O-O Nxc3 10. bxc3 Bc5 11. e4 d6 12. e5 dxe5 13. Nxe5 Qc7 14. Bf4 Nh5 15.
Nd3 Nxf4 16. Nxf4 Bd6 17. Ne2 Qxc4 18. Rfd1 Be5 19. Rab1 Rb8 20. Rb4 Qc7 21. Qd3
b5 22. Nd4 Bxd4 23. Rxd4 e5 24. Rh4 h6 25. Qd6 Qxd6 26. Rxd6 Be6 27. Ra6 Rfd8
28. Be4 f5 29. Rxe6 fxe4 30. Rxe4 Rd1+ 31. Kg2 Rd2 32. R6xe5 Rxa2 33. Re7 Rf8
34. Rf4 Rxf4 35. gxf4 a5 36. Rb7 Rb2 37. Ra7 a4 38. c4 bxc4 39. Rxa4 Rc2 40. Ra7
c3 41. Rc7 Rc1 42. Kf3 c2 43. f5 Rh1 44. Rxc2 Rxh2 1/2-1/2

[Event "World Blitz Women 2017"]
[Site "Riyadh KSA"]
[Date "2017.12.29"]
[Round "1.35"]
[White "Shuvalova, Polina"]
[Black "Mamedjarova, Zeinab"]
[Result "1-0"]
[WhiteTitle "WIM"]
[BlackTitle "WGM"]
[WhiteElo "2385"]
[BlackElo "2363"]
[WhiteFideId "24171760"]
[BlackFideId "13401521"]
[EventDate "2017.12.29"]

1. e4 e5 2. Nf3 d6 3. d4 Nd7 4. Nc3 Ngf6 5. Bc4 Be7 6. O-O O-O 7. Re1 c6 8. a4
a5 9. h3 Qc7 10. Ba2 exd4 11. Nxd4 Re8 12. Bf4 Bf8 13. Qd2 Ne5 14. Rad1 Bd7 15.
Kh1 Rad8 16. Bh2 Bc8 17. f4 Ng6 18. Qf2 Qb6 19. Bb3 d5 20. e5 Ne4 21. Nxe4 dxe4
22. c3 c5 23. Nb5 Bd7 24. Qe2 Bc6 25. Qc4 Re7 26. Nd6 Red7 27. Nxf7 Bd5 28. Rxd5
Rxd5 29. Nxd8 Ne7 30. Rd1 e3 31. Rxd5 Kh8 32. Nf7+ Kg8 33. Rd8 h5 34. Ng5+ 1-0

[Event "World Blitz Women 2017"]
[Site "Riyadh KSA"]
[Date "2017.12.29"]
[Round "1.36"]
[White "Kulon, Klaudia"]
[Black "Fataliyeva, Ulviyya"]
[Result "1/2-1/2"]
[WhiteTitle "WGM"]
[BlackTitle "WGM"]
[WhiteElo "2370"]
[BlackElo "2384"]
[WhiteFideId "1131044"]
[BlackFideId "13403052"]
[EventDate "2017.12.29"]

1. c4 e6 2. g3 d5 3. Bg2 Nf6 4. Qc2 c6 5. Nf3 Bd6 6. d4 O-O 7. Nbd2 Nbd7 8. O-O
Qe7 9. b3 e5 10. dxe5 Nxe5 11. Bb2 Nxf3+ 12. Nxf3 Ne4 13. cxd5 cxd5 14. Rad1 Be6
15. Nd4 Rac8 16. Qd3 Bd7 17. Nb5 Bc5 18. Qxd5 Nxf2 19. Rxf2 Qxe2 20. Qxd7 Bxf2+
21. Kh1 Qxb2 22. Rf1 Rc1 23. Qxb7 Rxf1+ 24. Bxf1 Qxa2 25. Nd6 Bb6 26. Qf3 Qf2
27. Qxf2 Bxf2 28. Bc4 Bc5 29. Ne4 Bb4 30. Kg2 Rd8 31. Kf3 h6 32. h4 Kf8 33. g4
Rd4 34. g5 a5 35. gxh6 gxh6 36. Bb5 f5 37. Ng3 Rxh4 38. Bd7 f4 39. Ne4 Ke7 40.
Bf5 Bd6 41. Nd2 Rh2 42. Nc4 Ra2 43. Be4 Bc7 44. Bf5 a4 45. bxa4 Rxa4 46. Nd2
Ra3+ 47. Kg4 Kf6 48. Ne4+ Kf7 49. Kh5 f3 50. Kxh6 Bb6 51. Kg5 f2 52. Nd2 Rf3 53.
Nf1 Rc3 54. Kg4 Kf6 55. Be4 Ke5 56. Bb7 Kd4 57. Kf4 Ra3 58. Bc6 Kc5 59. Bf3 Bc7+
60. Ke4 Kc4 61. Be2+ Kc3 62. Kf3 Bb6 63. Bb5 Rb3 64. Ba6 Kc2+ 65. Kg2 Kd1 66.
Bc8 Ke1 67. Ba6 Ra3 68. Bb5 Ra5 69. Bc4 Rg5+ 70. Kh2 Bc7+ 71. Kh3 Rg1 72. Ne3
Bf4 73. Ng2+ Kd2 74. Nxf4 f1=Q+ 75. Bxf1 Rxf1 76. Kg3 Ke3 77. Ng2+ Ke4 78. Nh4
Rg1+ 79. Kf2 Ra1 80. Ng2 Ra2+ 81. Kg3 Ra3+ 82. Kg4 Ra8 83. Kg3 Rg8+ 84. Kf2 Kd3
85. Kf3 Rf8+ 86. Kg3 Ke2 87. Nf4+ Ke3 88. Ng2+ Ke4 89. Kg4 Rg8+ 90. Kh3 Kf3 91.
Nh4+ Kf2 92. Nf5 Rg6 93. Kh4 Kf3 94. Kh5 Rg1 95. Nh4+ Kf4 96. Ng6+ Kf5 97. Nh4+
Kf6 98. Nf3 Rg3 99. Nh4 Ke5 100. Ng6+ Kf5 101. Nh4+ Kf6 102. Kh6 Rh3 103. Kh5
Rg3 104. Kh6 Rg1 105. Kh5 Rg8 106. Nf3 Kf5 107. Nh4+ Kf4 108. Ng6+ Kf5 109. Nh4+
Kf6 110. Nf3 Rg2 111. Nh4 Rg3 112. Kh6 Rg5 113. Nf3 Rg4 114. Kh5 Rf4 115. Nh4
Rf1 116. Kg4 Rg1+ 1/2-1/2

[Event "World Blitz Women 2017"]
[Site "Riyadh KSA"]
[Date "2017.12.29"]
[Round "1.37"]
[White "Ovod, Evgenija"]
[Black "Arakhamia-Grant, Ketevan"]
[Result "1-0"]
[WhiteTitle "IM"]
[BlackTitle "GM"]
[WhiteElo "2364"]
[BlackElo "2350"]
[WhiteFideId "4131827"]
[BlackFideId "13600168"]
[EventDate "2017.12.29"]

1. d4 g6 2. e4 Bg7 3. c3 d6 4. Bd3 Nf6 5. Nf3 O-O 6. O-O Nc6 7. h3 e5 8. Nbd2
Nh5 9. Nb3 h6 10. Re1 Qf6 11. Be3 Nf4 12. Bf1 g5 13. Nh2 Qg6 14. f3 h5 15. g4
Qh6 16. Bg2 Bf6 17. Nf1 Ne7 18. Ng3 Neg6 19. Nf5 Bxf5 20. exf5 Nh4 21. Bxf4 exf4
22. Nd2 d5 23. Qb3 c6 24. Bf1 Kg7 25. Re2 Rab8 26. Rae1 Rh8 27. Qa3 a6 28. Qa5
Bd8 29. Qb4 Bc7 30. Re7 Bd6 31. Qb6 Bxe7 32. Rxe7 Qd6 33. Re2 hxg4 34. hxg4 Qd7
35. Qc5 Rbe8 36. Rxe8 Rxe8 37. a4 Qe7 38. Qxe7 Rxe7 39. Kf2 Kf6 40. Bd3 a5 41.
Bf1 Re3 42. Be2 Ng2 43. Bf1 Ne1 44. Be2 Nd3+ 45. Bxd3 Rxd3 46. Ke2 Re3+ 47. Kf2
Ke7 48. Nf1 Kd6 49. Nxe3 fxe3+ 50. Kxe3 f6 51. Kd3 b5 52. b3 Kd7 53. Ke3 Kd6 54.
f4 gxf4+ 55. Kxf4 bxa4 56. bxa4 c5 57. g5 fxg5+ 58. Kxg5 cxd4 59. cxd4 Ke7 60.
Kg6 1-0

[Event "World Blitz Women 2017"]
[Site "Riyadh KSA"]
[Date "2017.12.29"]
[Round "1.38"]
[White "Pham, Le Thao Nguyen"]
[Black "Gevorgyan, Maria"]
[Result "1-0"]
[WhiteTitle "IM"]
[BlackTitle "WIM"]
[WhiteElo "2354"]
[BlackElo "2275"]
[WhiteFideId "12401226"]
[BlackFideId "13300270"]
[EventDate "2017.12.29"]

1. Nf3 Nf6 2. g3 e6 3. Bg2 Be7 4. O-O O-O 5. c4 d5 6. b3 c5 7. cxd5 exd5 8. d4
b6 9. Bb2 Bb7 10. Nc3 Nc6 11. Rc1 Rc8 12. Na4 c4 13. Nc3 Ba6 14. Re1 cxb3 15.
axb3 Bb4 16. Rc2 Re8 17. Qa1 Na5 18. Qa4 Qd6 19. Rec1 Bxc3 20. Bxc3 Bxe2 21. Ne5
Bh5 22. Bxa5 bxa5 23. Rxc8 Kf8 24. Rxe8+ Nxe8 25. Rc8 1-0

[Event "World Blitz Women 2017"]
[Site "Riyadh KSA"]
[Date "2017.12.29"]
[Round "1.39"]
[White "Nakhbayeva, Guliskhan"]
[Black "Voit, Daria"]
[Result "0-1"]
[WhiteTitle "WGM"]
[BlackTitle "FM"]
[WhiteElo "2314"]
[BlackElo "2390"]
[WhiteFideId "13704788"]
[BlackFideId "4182146"]
[EventDate "2017.12.29"]

1. d4 Nf6 2. c4 e6 3. Nc3 Bb4 4. e3 b6 5. Bd3 Bb7 6. f3 O-O 7. Ne2 d5 8. O-O
Nbd7 9. a3 Bxc3 10. Nxc3 c5 11. cxd5 Nxd5 12. e4 Ne7 13. d5 exd5 14. exd5 Nxd5
15. Nxd5 Bxd5 16. Bxh7+ Kxh7 17. Qxd5 Nf6 18. Qf5+ Kg8 19. Be3 Qd5 20. Qc2 Rfe8
21. Rad1 Qe5 22. Bf2 Rad8 23. Rd2 Rxd2 24. Qxd2 Qd5 25. Qc2 Rd8 26. b4 c4 27.
Rc1 b5 28. Bxa7 Ra8 29. Qf2 Qd7 30. Bd4 Rxa3 31. Bxf6 gxf6 32. Re1 Ra8 33. h4
Re8 34. Qg3+ Kh7 35. Rxe8 Qxe8 36. Qf4 Qe5 37. Qd2 Kg7 38. Qc2 Qe1+ 39. Kh2
Qxh4+ 40. Kg1 Qe1+ 41. Kh2 Qxb4 42. Qe4 Qd6+ 43. Kh3 Qe5 44. Qg4+ Qg5 45. Qd7 b4
46. g4 b3 47. Qb7 Qf4 0-1

[Event "World Blitz Women 2017"]
[Site "Riyadh KSA"]
[Date "2017.12.29"]
[Round "1.40"]
[White "Socko, Monika"]
[Black "Enkhtuul, Altan-Ulzii"]
[Result "1-0"]
[WhiteTitle "GM"]
[BlackTitle "WGM"]
[WhiteElo "2471"]
[BlackElo "2344"]
[WhiteFideId "1106619"]
[BlackFideId "4901444"]
[EventDate "2017.12.29"]

1. d4 Nf6 2. c4 c5 3. d5 b5 4. cxb5 a6 5. b6 d6 6. Nc3 Nbd7 7. a4 a5 8. Nf3 g6
9. e4 Nxb6 10. Bb5+ Bd7 11. Qe2 Bg7 12. O-O O-O 13. Rd1 Bxb5 14. Nxb5 Nfd7 15.
Ra2 Nc8 16. b3 Na7 17. Nxa7 Rxa7 18. Bb2 Qb8 19. Bxg7 Kxg7 20. Qd3 Qb4 21. Rc2
Rb8 22. Rb1 Nf6 23. Rc4 Qa3 24. e5 dxe5 25. Nxe5 Rab7 26. h3 Rxb3 27. Rxb3 Rxb3
28. Qd1 Qa2 29. Rxc5 Rb1 30. Rc1 Rxc1 31. Qxc1 Qxd5 32. Nc6 Nd7 33. Qc3+ e5 34.
Kh2 Nc5 35. Nxe5 Nxa4 36. Qa1 Qd6 37. f4 Qb4 38. Nc6+ Qc3 39. Qxa4 f6 40. Nxa5
Qd2 41. Nc6 Kh6 42. Qb4 Qd5 43. Nd4 Qa8 44. Qd2 f5 45. Ne6 Qe8 46. Qe1 Qe7 47.
Qe5 Qd7 48. Nd4 Qd8 49. Nf3 Qe7 50. Qxe7 1-0

[Event "World Blitz Women 2017"]
[Site "Riyadh KSA"]
[Date "2017.12.29"]
[Round "1.41"]
[White "Badelka, Olga"]
[Black "Zhu, Chen"]
[Result "0-1"]
[WhiteTitle "WIM"]
[BlackTitle "GM"]
[WhiteElo "2388"]
[BlackElo "2423"]
[WhiteFideId "13509926"]
[BlackFideId "8600546"]
[EventDate "2017.12.29"]

1. c4 e5 2. g3 Nf6 3. Bg2 c6 4. d4 exd4 5. Qxd4 d6 6. Nc3 Be7 7. Nf3 O-O 8. O-O
Be6 9. b3 Qb6 10. Bb2 Qxd4 11. Nxd4 Bd7 12. Rad1 Na6 13. e4 Rad8 14. Rfe1 Bg4
15. f3 Bc8 16. a3 Nc7 17. b4 Rfe8 18. g4 Bf8 19. Nf5 g6 20. Ng3 Nd7 21. f4 Nb6
22. h3 Nxc4 23. Bc1 Bg7 24. Nce2 Nb5 25. a4 Nc7 26. Nd4 c5 27. bxc5 dxc5 28. Nf3
Ne6 29. Bf1 Nb6 30. Bb5 Bd7 31. Bxd7 Nxd7 32. e5 Nb6 33. f5 Nd4 34. Nxd4 cxd4
35. e6 fxe6 36. fxe6 Nxa4 37. Bg5 Rd5 38. Bf4 Nc3 39. Rd3 0-1

[Event "World Blitz Women 2017"]
[Site "Riyadh KSA"]
[Date "2017.12.29"]
[Round "1.42"]
[White "Berend, Elvira"]
[Black "Tokhirjonova, Gulrukhbegim"]
[Result "1-0"]
[WhiteTitle "WGM"]
[BlackTitle "WGM"]
[WhiteElo "2303"]
[BlackElo "2329"]
[WhiteFideId "4000510"]
[BlackFideId "14203626"]
[EventDate "2017.12.29"]

1. e4 e5 2. Nf3 Nc6 3. Bc4 Bc5 4. c3 Nf6 5. d3 a6 6. O-O Ba7 7. Bb3 O-O 8. Re1
d6 9. h3 Ne7 10. d4 Ng6 11. Nbd2 Be6 12. Nf1 Re8 13. Ng3 h6 14. Bxe6 fxe6 15.
Be3 exd4 16. Bxd4 Bxd4 17. Nxd4 c5 18. Nf3 Qc7 19. Qc2 Rad8 20. Rad1 Ne5 21. Nd2
c4 22. b3 Nd3 23. Rf1 d5 24. Rb1 b5 25. a4 Qc6 26. axb5 axb5 27. bxc4 bxc4 28.
exd5 Nxd5 29. Nde4 N5f4 30. Qa2 Ra8 31. Qd2 Ra5 32. Qe3 Rea8 33. Ne2 Nxe2+ 34.
Qxe2 Ra2 35. Qg4 Rf8 36. f3 Kh8 37. Kh1 e5 38. Qg3 Qc7 39. Rb5 Ra5 40. Rxa5 Qxa5
41. Qg6 Qd8 42. Rb1 Nf4 43. Qd6 Qxd6 44. Nxd6 Ne2 45. Nxc4 Nxc3 46. Re1 e4 47.
fxe4 Rc8 48. Nd6 Rc6 49. e5 Nd5 50. Nf5 Re6 51. Nd4 Re8 52. e6 Kg8 53. Re5 Nf6
54. Nf5 Kh7 55. e7 Ra8 56. Nd6 1-0